| 000 | 00776nam a2200277Ia 4500 | ||
|---|---|---|---|
| 005 | 20250425161818.0 | ||
| 008 | 250425s9999 xx 000 0 und d | ||
| 020 | _a9972622029 | ||
| 041 | _aspa | ||
| 043 | _ape | ||
| 082 | _a330.9 | ||
| 100 | _aESAN, EDICIONES | ||
| 245 | 0 | _aPERSPECTIVAS SOBRE COMERCIO CRECIMIENTO Y ESTABILIDAD EN UN MUNDO INTERDEPENDIENTE:FORO INTERNACIONAL ESAN-HARVARD 27-28 DE MARZO DE 1996 | |
| 250 | _a1A ED. | ||
| 260 | _aLIMA | ||
| 260 |
_aPerĂº _bESAN EDITORES _c1996 |
||
| 300 | _a253 | ||
| 650 | _aCOMERCIO INTERNACIONAL | ||
| 650 | _aCRECIMIENTO ECONOMICO | ||
| 650 | _aESTABILIZACION ECONOMICA | ||
| 650 | _aGLOBALIZACION | ||
| 650 | _aINTEGRACION ECONOMICA | ||
| 710 | _aESAN-HARVARD | ||
| 942 | _c01 | ||
| 010 | _a30675 | ||
| 999 |
_c216605 _d216605 |
||